00771nam a22002057a 450000500170000001000150001702000270003203500140005903700130007308200200008610000320010624500800013825000110021826000590022927000730028830000190036194200260038099900190040695201400042520230912151615.0 aENG-137916 c1265.00a9789357059978 aEN-121448 bDBAD/PUB a620.0172Nineth aShackelford, James F956453 aIntroduction To Materials Science For Enginners /cBy James F Shackelford,  aNineth aNoidabPearson India Education Services Pvt Ltdc2024 aIst Floor, Berger Tower, Plot No C-001A/2 Sector 16B bNoidae201301 avp.c25cm(pbk) 2ddccENh620.017mSHA c197725d197725 001040718NFICaDBADbDBADd2023-08-31eDBAD/PUBg1265.00l0oSHA 620.017pEN-121448r2023-08-31 00:00:00t1v1265.00w2023-08-31yEN